000 00378nam a2200169Ia 4500
005 20251020182609.0
008 200515s9999 xx 000 0 und d
082 _aSC/621.791/P45
110 _aMinisterio de Educación
245 0 _aManual de soldadura I
260 _aLima
260 _c1979
300 _a127
650 _aMANUALES
650 _aSOLDADURA
942 _cLIB
999 _c3292
_d3292